God is Not Great: How Religion Poisons Everything (Record no. 227701)

MARC details
000 -LEADER
fixed length control field 00726nam a22002417a 4500
005 - DATE AND TIME OF LATEST TRANSACTION
control field 20230628143904.0
008 - FIXED-LENGTH DATA ELEMENTS--GENERAL INFORMATION
fixed length control field 230628b ||||| |||| 00| 0 eng d
040 ## - CATALOGING SOURCE
Transcribing agency AL
041 ## - LANGUAGE CODE
Language code of text/sound track or separate title English
082 ## - DEWEY DECIMAL CLASSIFICATION NUMBER
Edition number 23
Classification number 200
Item number HITG
100 ## - MAIN ENTRY--PERSONAL NAME
Personal name Christopher Hitchens
100 ## - MAIN ENTRY--PERSONAL NAME
9 (RLIN) 125008
245 ## - TITLE STATEMENT
Title God is Not Great: How Religion Poisons Everything
260 ## - PUBLICATION, DISTRIBUTION, ETC.
Place of publication, distribution, etc. New York
Name of publisher, distributor, etc. Twelve
Date of publication, distribution, etc. 2007
300 ## - PHYSICAL DESCRIPTION
Extent 377 p.
Other physical details PB
Dimensions 17x10 cm.
650 ## - SUBJECT ADDED ENTRY--TOPICAL TERM
Topical term or geographic name entry element Religion
9 (RLIN) 125009
650 ## - SUBJECT ADDED ENTRY--TOPICAL TERM
Topical term or geographic name entry element Religion and civilization
9 (RLIN) 125010
650 ## - SUBJECT ADDED ENTRY--TOPICAL TERM
Topical term or geographic name entry element Religion and politics
9 (RLIN) 125011
650 ## - SUBJECT ADDED ENTRY--TOPICAL TERM
Topical term or geographic name entry element Religion and social problems
9 (RLIN) 125012
650 ## - SUBJECT ADDED ENTRY--TOPICAL TERM
Topical term or geographic name entry element God
9 (RLIN) 125013
650 ## - SUBJECT ADDED ENTRY--TOPICAL TERM
Topical term or geographic name entry element Religion and culture
9 (RLIN) 125014
700 ## - ADDED ENTRY--PERSONAL NAME
Personal name HITCHENS (Christopher)
9 (RLIN) 125015
942 ## - ADDED ENTRY ELEMENTS (KOHA)
Source of classification or shelving scheme Dewey Decimal Classification
Koha item type Donated Books
Holdings
Withdrawn status Lost status Source of classification or shelving scheme Damaged status Not for loan Collection code Home library Current library Date acquired Total Checkouts Full call number Barcode Date last seen Price effective from Koha item type Public note
    Dewey Decimal Classification     Others St Aloysius Library St Aloysius Library 06/23/2023   200 HITG D05953 06/28/2023 06/28/2023 Donated Books Donated by V.T. Rajshekar